| 000 | 00626nam a22002417a 4500 | ||
|---|---|---|---|
| 003 | UA-OsUOA | ||
| 001 | 27511 | ||
| 007 | ta | ||
| 008 | 20040820b un ||||| |||| 00| 0 ukr d | ||
| 090 |
_a82.0 _bЛ43 |
||
| 942 | _cBK | ||
| 040 |
_aUA-OsUOA _bukr _cUA-OsUOA _dUA-OsUOA |
||
| 245 | _aЛексикон загального та порівняльного літературознавства | ||
| 300 | _a636 с. | ||
| 955 | _a0 | ||
| 041 | _aukr | ||
| 080 | _a82.0 | ||
| 020 | _a966-7577-88-0 | ||
| 260 |
_aЧернівці _bЗолоті литаври _c2001 |
||
| 044 | _aUA | ||
| 650 | 7 | _2UDC | |
| 999 |
_c313857 _d313857 |
||